| 000 | 00963nam a22001937a 4500 | ||
|---|---|---|---|
| 005 | 20230912152340.0 | ||
| 010 | _aHIN-125927 | ||
| 020 |
_a9789390872121 _c675.00 |
||
| 035 | _aHN-98273 | ||
| 037 | _bDBAD/PUB | ||
| 082 | _a822.08 | ||
| 100 |
_aपालीवाल ,रीतारानी _956457 |
||
| 245 |
_aजयशंकर प्रसाद और मोहन राकेश की रंग-दृष्टि का तुलननात्मक अध्ययन / _c रीतारानी पालीवाल |
||
| 260 |
_aनई दिल्ली _bसस्ता साहित्य मण्डल प्रकशन _c2022 |
||
| 270 |
_aएन -77 ,पहली मंजिल ,कनाट सर्कस _bनई दिल्ली _e110001 |
||
| 300 |
_a404 p. _c22cm(सजिल्द ) |
||
| 710 |
_aमीना सिंह 'मीन ' _956437 |
||
| 942 |
_2ddc _cHN _mपालीवा _h821 |
||
| 999 |
_c198038 _d198038 |
||